<?xml version="1.0" encoding="UTF-8"?>
<record
    xmlns:xsi="http://www.w3.org/2001/XMLSchema-instance"
    xsi:schemaLocation="http://www.loc.gov/MARC21/slim http://www.loc.gov/standards/marcxml/schema/MARC21slim.xsd"
    xmlns="http://www.loc.gov/MARC21/slim">

  <leader>02033nam a2200373   4500</leader>
  <controlfield tag="001">114410</controlfield>
  <controlfield tag="003">DR-UNIBE</controlfield>
  <controlfield tag="005">20260226100430.0</controlfield>
  <controlfield tag="008">260226b2006    dr ||||| |||| 00| 0 spa d</controlfield>
  <datafield tag="020" ind1=" " ind2=" ">
    <subfield code="a">9789945296983</subfield>
  </datafield>
  <datafield tag="040" ind1=" " ind2=" ">
    <subfield code="a">BIBLIOTECA UNIBE</subfield>
    <subfield code="b">spa</subfield>
    <subfield code="c">BIBLIOTECA UNIBE</subfield>
    <subfield code="e">rda</subfield>
  </datafield>
  <datafield tag="041" ind1=" " ind2=" ">
    <subfield code="a">spa</subfield>
  </datafield>
  <datafield tag="090" ind1=" " ind2=" ">
    <subfield code="a">FBIU-EB NF B446t</subfield>
  </datafield>
  <datafield tag="100" ind1="1" ind2="o">
    <subfield code="a">Bello de Moreta, F&#xE1;tima,</subfield>
    <subfield code="d">1957-</subfield>
    <subfield code="c">Ganadora del programa Unibemprende 2024</subfield>
    <subfield code="9">202762</subfield>
    <subfield code="e">autor</subfield>
  </datafield>
  <datafield tag="245" ind1="1" ind2="0">
    <subfield code="a">Titiriteando :</subfield>
    <subfield code="b">el arte de los t&#xED;teres con la hormiguita artesanal /</subfield>
    <subfield code="c">Fatima Bello de Moreta ; dise&#xF1;o y diagramaci&#xF3;n: Kelvin A. Ortis Castillo ; correcci&#xF3;n de estilo: Carmen Rosa Estrada Paulino ; dise&#xF1;o de portada y fotografia: Fondeur Bello ProServices EIRL ;  presentaci&#xF3;n: Mercedes Hern&#xE1;ndez Caama&#xF1;o; colaboradoras: Miriam Villalona de Fiallo, Roa Ariza de Valera, Elizabeth Ricart, Roa Pe&#xF1;a Paula, Mar&#xED;a Altagracia de la Rosa de Jes&#xFA;s</subfield>
  </datafield>
  <datafield tag="250" ind1=" " ind2=" ">
    <subfield code="a">Primera edici&#xF3;n</subfield>
  </datafield>
  <datafield tag="260" ind1=" " ind2=" ">
    <subfield code="a">Santo Domingo, </subfield>
    <subfield code="b">Editora B&#xFA;ho</subfield>
    <subfield code="c">2016</subfield>
  </datafield>
  <datafield tag="300" ind1=" " ind2=" ">
    <subfield code="a">59 p&#xE1;ginas :</subfield>
    <subfield code="b">fotos a color ;</subfield>
    <subfield code="c">22 x 22 cm</subfield>
  </datafield>
  <datafield tag="500" ind1=" " ind2=" ">
    <subfield code="a">Semblanza del autor y colaboradoras al final de la obra.  Canci&#xF3;n "La hormiguita artesana" al final de la obra. Comentario de la obra en la contraportada</subfield>
  </datafield>
  <datafield tag="504" ind1=" " ind2=" ">
    <subfield code="a">Incluye bibliograf&#xED;a</subfield>
  </datafield>
  <datafield tag="650" ind1=" " ind2="7">
    <subfield code="2">lemb</subfield>
    <subfield code="a"> T&#xED;teres </subfield>
    <subfield code="x">Elaboraci&#xF3;n</subfield>
    <subfield code="9">202777</subfield>
  </datafield>
  <datafield tag="650" ind1=" " ind2="7">
    <subfield code="2">lemb</subfield>
    <subfield code="a">L&#xFA;dica</subfield>
    <subfield code="9">85462</subfield>
  </datafield>
  <datafield tag="650" ind1=" " ind2="7">
    <subfield code="2">lemb</subfield>
    <subfield code="a">Terapia con t&#xED;teres</subfield>
    <subfield code="9">202778</subfield>
  </datafield>
  <datafield tag="650" ind1=" " ind2="7">
    <subfield code="2">lemb</subfield>
    <subfield code="a">T&#xED;teres en la educaci&#xF3;n</subfield>
    <subfield code="9">202779</subfield>
  </datafield>
  <datafield tag="700" ind1="1" ind2="0">
    <subfield code="a">Ortis Castillo, Kelvin A.</subfield>
    <subfield code="9">202766</subfield>
    <subfield code="e">dise&#xF1;ador</subfield>
    <subfield code="e">diagramador</subfield>
  </datafield>
  <datafield tag="700" ind1="1" ind2="0">
    <subfield code="a">Estrada Paulino, Carmen Rosa</subfield>
    <subfield code="e">corrector de estilo</subfield>
    <subfield code="9">202767</subfield>
  </datafield>
  <datafield tag="700" ind1="1" ind2="0">
    <subfield code="a">Villalona de Fiallo, Miriam</subfield>
    <subfield code="9">202769</subfield>
    <subfield code="e">colaborador</subfield>
  </datafield>
  <datafield tag="700" ind1="1" ind2="0">
    <subfield code="a">Ariza de Valera, Rosa</subfield>
    <subfield code="9">202770</subfield>
    <subfield code="e">colaborador</subfield>
  </datafield>
  <datafield tag="700" ind1="1" ind2="0">
    <subfield code="a">Ricart, Elizabeth</subfield>
    <subfield code="9">202771</subfield>
    <subfield code="e">colaborador</subfield>
  </datafield>
  <datafield tag="700" ind1="1" ind2="0">
    <subfield code="a">Pe&#xF1;a Paula, Rosa</subfield>
    <subfield code="9">202772</subfield>
    <subfield code="e">colaborador</subfield>
  </datafield>
  <datafield tag="700" ind1="1" ind2="0">
    <subfield code="a">De la Rosa De Jes&#xFA;s, Mar&#xED;a Altagracia</subfield>
    <subfield code="9">202773</subfield>
    <subfield code="e">colaborador</subfield>
  </datafield>
  <datafield tag="710" ind1="1" ind2="0">
    <subfield code="a">Fondeu Bello ProServices EIRL</subfield>
    <subfield code="9">202768</subfield>
    <subfield code="e">dise&#xF1;ador de portada</subfield>
    <subfield code="e">retoques fotogr&#xE1;ficos</subfield>
  </datafield>
  <datafield tag="942" ind1=" " ind2=" ">
    <subfield code="2">ddc</subfield>
    <subfield code="c">BK</subfield>
  </datafield>
  <datafield tag="999" ind1=" " ind2=" ">
    <subfield code="c">114410</subfield>
    <subfield code="d">114410</subfield>
  </datafield>
  <datafield tag="952" ind1=" " ind2=" ">
    <subfield code="0">0</subfield>
    <subfield code="1">0</subfield>
    <subfield code="2">ddc</subfield>
    <subfield code="7">1</subfield>
    <subfield code="8">FBIU</subfield>
    <subfield code="a">Principal</subfield>
    <subfield code="d">2026-02-26</subfield>
    <subfield code="l">0</subfield>
    <subfield code="o">FBIU-EB NF B446t</subfield>
    <subfield code="p">FBIU0927</subfield>
    <subfield code="r">2026-02-26 08:28:01</subfield>
    <subfield code="t">Ej. 1</subfield>
    <subfield code="w">2026-02-26</subfield>
    <subfield code="y">BK-RES</subfield>
  </datafield>
  <datafield tag="952" ind1=" " ind2=" ">
    <subfield code="0">0</subfield>
    <subfield code="1">0</subfield>
    <subfield code="2">ddc</subfield>
    <subfield code="7">1</subfield>
    <subfield code="8">FBIU</subfield>
    <subfield code="a">Principal</subfield>
    <subfield code="d">2026-02-26</subfield>
    <subfield code="l">0</subfield>
    <subfield code="o">FBIU-EB NF B446t</subfield>
    <subfield code="p">FBIU0928</subfield>
    <subfield code="r">2026-02-26 08:29:10</subfield>
    <subfield code="t">Ej.2</subfield>
    <subfield code="w">2026-02-26</subfield>
    <subfield code="y">BK-RES</subfield>
  </datafield>
</record>
